Southville International School and Colleges
Your cart is empty.
  • Cart
  • Lists
    Public lists Eva Luna New books Lux_list list_1
    Your lists Log in to create your own lists
  • Log in to your account
  • Your cookies
  • Search history
Southville International School and Colleges
  • Advanced search
  • Recent comments
  • Most popular
  • Libraries

Log in to your account

Log in with GOOGLE


If you do not have an external account, but do have a local account, you can still log in:

  1. Home
  2. MARC view: Equipe nouvelle 2 :
Normal view MARC view ISBD view

Equipe nouvelle 2 : (Record no. 7320)

[ view plain ]
MARC details
000 -LEADER
fixed length control field 00662nam a22002177a 4500
003 - CONTROL NUMBER IDENTIFIER
control field OSt
005 - DATE AND TIME OF LATEST TRANSACTION
control field 20140310181930.0
008 - FIXED-LENGTH DATA ELEMENTS--GENERAL INFORMATION
fixed length control field 130722t xxu||||| |||| 00| 0 eng d
020 ## - INTERNATIONAL STANDARD BOOK NUMBER
International Standard Book Number 9780199124558
050 ## - LIBRARY OF CONGRESS CALL NUMBER
Classification number PC 2129
Item number .B756 2005
082 ## - DEWEY DECIMAL CLASSIFICATION NUMBER
Classification number TRF 488
Item number B66 2005
100 ## - MAIN ENTRY--PERSONAL NAME
Personal name Boudais, Daniele
9 (RLIN) 2638
245 ## - TITLE STATEMENT
Title Equipe nouvelle 2 :
Remainder of title livre de l'etudiant /
Statement of responsibility, etc Daniele Bourdais, Sue Finnie, Anna Lise Gordon.
260 ## - PUBLICATION, DISTRIBUTION, ETC. (IMPRINT)
Place of publication, distribution, etc Oxford :
Name of publisher, distributor, etc Oxford University Press,
Date of publication, distribution, etc c2005.
300 ## - PHYSICAL DESCRIPTION
Extent 160 p. :
Other physical details ill. col. ;
Dimensions 28 cm.
521 ## - TARGET AUDIENCE NOTE
Target audience note
541 ## - IMMEDIATE SOURCE OF ACQUISITION NOTE
-- 1
562 ## - COPY AND VERSION IDENTIFICATION NOTE
Number of copies 1
650 ## - SUBJECT ADDED ENTRY--TOPICAL TERM
Topical term or geographic name as entry element French
General subdivision Study and teaching.
9 (RLIN) 2639
942 ## - ADDED ENTRY ELEMENTS (KOHA)
Source of classification or shelving scheme Library of Congress Classification
Koha item type
Call number prefix
Holdings
Withdrawn status Lost status Source of classification or shelving scheme Damaged status Home library Current library Shelving location Date acquired Total Checkouts Total Renewals Full call number Barcode Date last seen Date checked out Copy number Price effective from Koha item type
    Library of Congress Classification   Luxembourg Library Luxembourg Library Teachers Reference Section 07/22/2013 5 3 PC 2129 .B756 2005 15125 12/10/2018 11/16/2018 1 07/22/2013 Books

Equipe nouvelle 2 :

APA

Boudais D., . (2005). Equipe nouvelle 2. Oxford: Oxford University Press.

Chicago

Boudais Daniele, . 2005. Equipe nouvelle 2. Oxford: Oxford University Press.

Harvard

Boudais D., . (2005). Equipe nouvelle 2. Oxford: Oxford University Press.

MLA

Boudais Daniele, . Equipe nouvelle 2. Oxford: Oxford University Press. 2005.

  • Place hold
  • Print
  • Cite
  • Add to your cart (remove)
  • Save record
    BIBTEX Dublin Core MARCXML MARC (non-Unicode/MARC-8) MARC (Unicode/UTF-8) MARC (Unicode/UTF-8, Standard) MODS (XML) RIS
  • More searches
    Search for this title in:
    Other Libraries (WorldCat) Other Databases (Google Scholar) Online Stores (Bookfinder.com) Open Library (openlibrary.org)

Exporting to Dublin Core...

SOUTHVILLE LIBRARY

Southville International School and Colleges Library

1281 Tropical Ave. Cor. Luxembourg St., BF Homes International, Las Pinas City

Tel. No. 8256374 / 252358 Loc. 117/146

Powered by Koha